000 00486nam a2200181Ia 4500
001 7536
005 20260306160502.0
008 260306t2008||||xx |||||||||||||| ||spa||
041 _aESP
082 _a339.43
_bC265
100 _aConde Bonfil, Carola
_eAUT
245 0 _a¿Como movilizar el ahorro popular para reconstruir un país?:
_bEconómia para ciudadanos
260 _c2008
300 _a303 páginas :
_c23 cm.
650 _aGEN
654 _aCAN
942 _cLIB
_dJUS
_fJUS
_2ddc
_n
999 _c7536
_d7536